Flags of German History - Statistics

General Stats
  • This quiz has been taken 21 times
    14 since last reset
  • The average score is 10 of 12
Answer Stats
Picture Answer % Correct
German Democratic Republic
90%
German Empire
90%
German Federal Republic
90%
German Federal Republic
90%
Greater German Reich
90%
Holy Roman Empire
90%
Kingdom of Bavaria
90%
Kingdom of Prussia
90%
Weimar Republic
90%
Frankish Empire
80%
Teutonic Order
70%
Kingdom of Germany
60%
No matching quizzes found
Score Distribution
Percent of People with Each Score
Percentile by Number Answered
Your Score History
You have not taken this quiz since the last reset